| 000 | 00744nam a2200205Ia 4500 | ||
|---|---|---|---|
| 003 | IN-BaIIA | ||
| 008 | 211028s9999 xx 000 0 eng d | ||
| 020 | _a2-222-01923-0 | ||
| 040 | _cIIA Library | ||
| 080 |
_a524.3-852(082.2) _bPHY |
||
| 245 | 0 |
_aPhysique des mouvements dans les atmospheres stellaires (in French) _cedited by R. Cayrel and M. Steinberg |
|
| 260 |
_aParis _bEditions Du Centre National De La Recherche Scientifique _c1976 |
||
| 300 | _a[various pagings.] | ||
| 650 | _aAstronomy and astrophysics thesaurus | ||
| 650 |
_aStellar atmospheres _91135 |
||
| 650 | _aStellar structure | ||
| 700 |
_aCayrel, R., ed. _911138 |
||
| 700 |
_aSteinberg, M., ed. _911139 |
||
| 942 | _cBK | ||
| 999 |
_c6493 _d6493 |
||